[Event "FRA-ch Youth 2017"]
[Site "Belfort"]
[Date "2017.04.19"]
[Round "5"]
[White "Favarel-Lubeigt, Helina"]
[Black "Croisille, Shanti"]
[Result "0-1"]
[WhiteElo "1537"]
[BlackElo "1539"]
[Annotator "NA"]
[PlyCount "100"]
[EventDate "2017.??.??"]
[EventCountry "FRA"]
[SourceTitle "playchess.com"]
[Source "ChessBase"]
[SourceQuality "1"]
[TimeControl "40/5400+30:1800+30"]

1. e4 {[%emt 0:00:00]} c5 {[%emt 0:00:04]} 2. Nf3 {[%emt 0:00:00]} Nc6 {[%emt 0:00:03]} 3. d4 {[%emt 0:00:00]} cxd4 {[%emt 0:00:06]} 4. Nxd4 {[%emt 0:00:00]} e5 {[%emt 0:00:19]} 5. Nb5 {[%emt 0:00:23]} d6 {[%emt 0:00:04]} 6. c4 {[%emt 0:01:34]} Be7 {[%emt 0:00:50]} 7. N1c3 {[%emt 0:00:38]} a6 {[%emt 0:00:27]} 8. Na3 {[%emt 0:00:09]} Be6 {[%emt 0:01:28]} 9. Be2 {[%emt 0:01:13]} Nf6 {[%emt 0:00:44]} 10. O-O {[%emt 0:01:22]} O-O {[%emt 0:00:20]} 11. Be3 {[%emt 0:08:57]} Rc8 {[%emt 0:01:42]} 12. Qd2 {[%emt 0:02:49]} Na5 {[%emt 0:14:01] B32: Sicilian: Löwenthal and Kalashnikov Variations} (12... Nd7 13. Rac1 Nc5 14. f3 Nd4 15. Bxd4 exd4 16. Qxd4 Qb6 17. Rc2 Bf6 18. Qe3 Qb4 19. Qd2 Na4 20. Nd5 {½-½ (37) Anand,V (2779)-Caruana,F (2823) Saint Louis 2016}) 13. Nd5 {[%emt 0:08:33]} Bxd5 {[%emt 0:00:39]} 14. exd5 {[%emt 0:01:52]} b6 {[%emt 0:00:24]} 15. f4 $146 {[%emt 0:15:31]} (15. f3 Nb7 16. Nc2 a5 17. Na3 Nc5 18. Nb5 Ra8 19. b3 Nfd7 20. Bd3 Nxd3 21. Qxd3 {1-0 (48) Sleich,J (2225)-Kovalevskaya,E (2350) Decin 1997}) 15... Ne4 {[%emt 0:22:18]} 16. Qd3 {[%emt 0:13:34]} f5 {[%emt 0:10:10]} 17. b4 {[%emt 0:17:11]} Nb7 {[%emt 0:01:03]} 18. fxe5 {[%emt 0:09:05]} (18. Bf3 $11) 18... dxe5 {[%emt 0:00:55]} 19. Nc2 {[%emt 0:03:36]} (19. Rxf5 $11 Rxf5 20. Qxe4) 19... Ned6 {[%emt 0:01:38]} 20. Qb3 {[%emt 0:01:26]} f4 {[%emt 0:04:50]} 21. Bc1 {[%emt 0:01:03]} Qc7 {[%emt 0:07:39]} 22. Bb2 {[%emt 0:06:20]} Nxc4 {[%emt 0:14:14]} 23. Na3 {[%emt 0:02:53]} b5 {[%emt 0:03:57]} 24. Rac1 {[%emt 0:00:27]} Qb6+ {[%emt 0:05:28]} 25. Kh1 {[%emt 0:00:02]} Nbd6 {[%emt 0:00:36]} 26. Nxc4 {[%emt 0:00:23]} Nxc4 {[%emt 0:05:22]} 27. Qh3 {[%emt 0:00:52]} Qf6 {[%emt 0:02:32]} 28. Bd3 {[%emt 0:02:12]} g6 {[%emt 0:00:55]} 29. Rfe1 {[%emt 0:01:01]} Bd6 {[%emt 0:00:51]} 30. Be4 {[%emt 0:01:16]} Rc7 {[%emt 0:00:42]} 31. Bc3 {[%emt 0:00:26]} Qe7 {[%emt 0:00:38]} 32. Qd3 {[%emt 0:00:16]} Qg5 {[%emt 0:00:18]} 33. Qh3 {[%emt 0:00:36]} Re7 {[%emt 0:00:34]} 34. Rc2 {[%emt 0:00:39]} Ne3 {[%emt 0:00:25]} 35. Rce2 {[%emt 0:00:18]} Ng4 {[%emt 0:00:21]} 36. Bf3 {[%emt 0:00:43]} h5 {[%emt 0:00:09]} 37. Bxg4 {[%emt 0:00:16]} hxg4 {[%emt 0:00:07]} 38. Qd3 {[%emt 0:00:03]} g3 {[%emt 0:01:33]} 39. h3 {[%emt 0:01:09]} Qf5 {[%emt 0:00:22]} 40. Qf3 {[%emt 0:00:00]} Rc8 {[%emt 0:00:40]} 41. Bb2 {[%emt 0:15:01]} Rc4 {[%emt 0:03:50]} 42. Re4 {[%emt 0:05:02]} Rec7 {[%emt 0:06:07]} 43. R4e2 {[%emt 0:06:14]} Rc2 {[%emt 0:04:11]} 44. Rxc2 {[%emt 0:02:59]} Rxc2 {[%emt 0:00:14]} 45. Ba1 {[%emt 0:03:42]} e4 {[%emt 0:03:17]} 46. Qd1 {[%emt 0:00:16]} Rxg2 {[%emt 0:00:57]} 47. Kxg2 {[%emt 0:00:05]} f3+ {[%emt 0:00:05]} 48. Kg1 {[%emt 0:00:23]} f2+ {[%emt 0:01:31]} 49. Kg2 {[%emt 0:00:18]} Qf3+ {[%emt 0:00:23]} 50. Qxf3 {[%emt 0:00:57]} fxe1=N+ {[%emt 0:01:00]} 0-1

[Event "FRA-ch Youth 2017"]
[Site "Belfort"]
[Date "2017.04.20"]
[Round "6"]
[White "Travadon, Loic"]
[Black "Bournel, Antoine"]
[Result "1-0"]
[WhiteElo "2348"]
[BlackElo "1933"]
[Annotator "NA"]
[PlyCount "104"]
[EventDate "2017.??.??"]
[EventCountry "FRA"]
[SourceTitle "playchess.com"]
[Source "ChessBase"]
[SourceQuality "1"]
[TimeControl "5400+30"]

1. e4 {[%emt 0:00:00]} c5 {[%emt 0:00:06]} 2. Nf3 {[%emt 0:00:00]} g6 {[%emt 0:02:43]} 3. c3 {[%emt 0:00:00]} Bg7 {[%emt 0:00:08]} 4. d4 {[%emt 0:00:00]} cxd4 {[%emt 0:00:06]} 5. cxd4 {[%emt 0:00:00]} d5 {[%emt 0:00:06]} 6. e5 {[%emt 0:00:00]} Bg4 {[%emt 0:00:12]} 7. Nbd2 {[%emt 0:00:02]} Nc6 {[%emt 0:02:00] B27: Sicilian: 2 Nf3, unusual Black 2nd moves} 8. Bb5 {[%emt 0:00:07]} e6 {[%emt 0:09:21]} 9. Bxc6+ {[%emt 0:05:13]} bxc6 {[%emt 0:00:11]} 10. O-O {[%emt 0:00:14]} Ne7 {[%emt 0:03:33]} 11. Nb3 {[%emt 0:10:17]} Nf5 $146 {[%emt 0:05:51]} (11... O-O 12. h3 Bxf3 13. Qxf3 f6 14. exf6 Bxf6 15. Qc3 Qd6 16. Qc5 Nf5 17. Qxd6 Nxd6 {½-½ (51) Kovchan,A (2576)-Ahmad,A (2170) Dubai 2015}) 12. h3 {[%emt 0:02:14]} Bxf3 {[%emt 0:02:01]} 13. Qxf3 {[%emt 0:00:12]} c5 {[%emt 0:18:44]} 14. Nxc5 {[%emt 0:18:55]} Nxd4 {[%emt 0:03:10]} 15. Qd1 {[%emt 0:00:58]} Nc6 {[%emt 0:06:24]} 16. Qa4 {[%emt 0:03:16]} Qc7 {[%emt 0:08:06]} 17. Be3 {[%emt 0:04:20]} O-O {[%emt 0:04:31]} 18. f4 {[%emt 0:00:45]} Rfd8 {[%emt 0:04:18]} 19. Rac1 {[%emt 0:01:02]} Rac8 {[%emt 0:02:56]} 20. Rfd1 {[%emt 0:01:40]} Qa5 {[%emt 0:02:17]} 21. Qb3 {[%emt 0:08:43]} Rb8 {[%emt 0:02:26]} 22. Nb7 {[%emt 0:00:27]} Qa6 {[%emt 0:00:47]} 23. Rxc6 $1 {[%emt 0:00:25]} Qxc6 {[%emt 0:02:13]} 24. Nxd8 {[%emt 0:05:34]} Qc7 {[%emt 0:03:22]} 25. Nxe6 $1 {[%emt 0:01:04]} fxe6 {[%emt 0:00:05]} 26. Qa4 {[%emt 0:00:13]} Qb7 {[%emt 0:04:54]} 27. b3 {[%emt 0:01:50]} a6 {[%emt 0:02:03]} 28. Rc1 {[%emt 0:00:49]} Rc8 {[%emt 0:00:14]} 29. Kh2 {[%emt 0:00:53]} g5 {[%emt 0:00:37]} 30. Qa5 {[%emt 0:04:39]} gxf4 {[%emt 0:02:19]} 31. Qb6 {[%emt 0:02:28]} Rxc1 {[%emt 0:02:17]} 32. Qxb7 {[%emt 0:00:17]} fxe3 {[%emt 0:00:08]} 33. Qa8+ {[%emt 0:00:19]} Kf7 {[%emt 0:00:13]} 34. Qa7+ {[%emt 0:00:07]} Ke8 {[%emt 0:01:44]} 35. Qxe3 {[%emt 0:04:51]} Rf1 {[%emt 0:02:47]} 36. g4 {[%emt 0:00:24]} Rf7 {[%emt 0:02:23]} 37. Kg2 {[%emt 0:00:35]} Rd7 {[%emt 0:00:40]} 38. Qd4 {[%emt 0:01:38]} Kf7 {[%emt 0:01:13]} 39. Kf3 {[%emt 0:00:36]} Rc7 {[%emt 0:00:24]} 40. Qf4+ {[%emt 0:01:45]} Kg6 {[%emt 0:01:22]} 41. h4 {[%emt 0:00:17]} h6 {[%emt 0:00:25]} 42. h5+ {[%emt 0:00:59]} Kh7 {[%emt 0:00:05]} 43. g5 {[%emt 0:01:05]} hxg5 {[%emt 0:00:12]} 44. Qxg5 {[%emt 0:00:08]} Rf7+ {[%emt 0:00:45]} 45. Kg4 {[%emt 0:00:26]} Rf5 {[%emt 0:01:02]} 46. Qg6+ {[%emt 0:00:04]} Kh8 {[%emt 0:00:12]} 47. Qe8+ {[%emt 0:00:47]} Kh7 {[%emt 0:00:11]} 48. Qxe6 {[%emt 0:00:36] Rxe} Rxe5 {[%emt 0:00:14]} 49. Qg6+ {[%emt 0:00:41]} Kh8 {[%emt 0:00:05]} 50. Qxa6 {[%emt 0:01:55]} d4 {[%emt 0:00:21]} 51. h6 {[%emt 0:00:24]} Re4+ {[%emt 0:00:39]} 52. Kf5 {[%emt 0:00:14]} Re5+ {[%emt 0:00:05] Ke4} 1-0

[Event "FRA-ch Youth 2017"]
[Site "Belfort"]
[Date "2017.04.20"]
[Round "6"]
[White "Zachary, Matheo"]
[Black "Degraeve, Remy"]
[Result "1/2-1/2"]
[WhiteElo "2267"]
[BlackElo "2126"]
[Annotator "NA"]
[PlyCount "132"]
[EventDate "2017.??.??"]
[EventCountry "FRA"]
[SourceTitle "playchess.com"]
[Source "ChessBase"]
[SourceQuality "1"]
[TimeControl "5400+30"]

1. e4 {[%emt 0:00:00]} d6 {[%emt 0:00:02]} 2. d4 {[%emt 0:00:46]} Nf6 {[%emt 0:00:03]} 3. Nc3 {[%emt 0:01:04]} g6 {[%emt 0:00:04]} 4. Bg5 {[%emt 0:02:13]} Bg7 {[%emt 0:00:26]} 5. e5 {[%emt 0:00:05]} Nfd7 {[%emt 0:04:04]} 6. exd6 {[%emt 0:05:23]} cxd6 {[%emt 0:01:14]} 7. Nf3 {[%emt 0:00:33] LiveBook: 7 Games} h6 {[%emt 0:01:41] B07: Pirc Defence: Miscellaneous Systems} (7... Nc6 8. Qd2 Qa5 9. Be2 Nb6 10. Bh6 O-O 11. Bxg7 Kxg7 12. d5 Ne5 13. Qd4 Nbd7 14. O-O-O Kg8 15. Ng5 {1-0 (33) Borgo,G (2414)-David,A (2587) Milan 2010}) 8. Be3 {[%emt 0:01:44]} Nc6 {[%emt 0:01:06]} 9. h4 $146 {[%emt 0:09:14]} (9. Qd2 Nf6 10. d5 Ne5 11. Nxe5 dxe5 12. h3 Bd7 13. O-O-O Qa5 14. Kb1 O-O 15. Bxh6 Bxh6 16. Qxh6 {0-1 (46) Honfi,K-Szabo,L Budapest 1962}) 9... a6 {[%emt 0:02:28]} 10. a4 {[%emt 0:06:04]} Nf6 {[%emt 0:04:29]} 11. d5 {[%emt 0:05:03]} Ne5 {[%emt 0:04:42]} 12. Nxe5 {[%emt 0:05:24]} dxe5 {[%emt 0:00:01]} 13. Be2 {[%emt 0:02:03]} b6 {[%emt 0:04:20]} 14. O-O {[%emt 0:10:50]} Bb7 {[%emt 0:00:51]} 15. Bf3 {[%emt 0:07:50]} O-O {[%emt 0:18:17]} 16. Qd2 {[%emt 0:01:38]} Kh7 {[%emt 0:00:25]} 17. Rfd1 {[%emt 0:01:25]} Ne8 {[%emt 0:01:48]} 18. Ra3 {[%emt 0:04:15]} Nd6 {[%emt 0:00:24]} 19. Be2 {[%emt 0:01:30]} Nf5 {[%emt 0:00:32]} 20. Bf1 {[%emt 0:03:38]} Rc8 {[%emt 0:09:31]} 21. Ne2 {[%emt 0:06:14]} (21. h5 $11) 21... Nxe3 {[%emt 0:03:41]} 22. Rxe3 {[%emt 0:01:01]} Rc5 23. Nc3 {[%emt 0:03:35]} f5 {[%emt 0:01:40]} 24. d6 {[%emt 0:01:24]} e6 {[%emt 0:02:42]} 25. d7 {[%emt 0:04:17]} e4 {[%emt 0:01:56]} 26. Qd6 {[%emt 0:04:01]} Rc6 {[%emt 0:00:24]} 27. Qd2 {[%emt 0:01:36]} Be5 {[%emt 0:00:46]} 28. g3 {[%emt 0:01:55]} Rd6 {[%emt 0:01:10]} 29. Qc1 {[%emt 0:00:32]} Qxd7 {[%emt 0:00:17]} 30. Ree1 {[%emt 0:00:29]} Bxc3 {[%emt 0:10:49]} 31. bxc3 {[%emt 0:00:29]} Rd8 {[%emt 0:00:17]} 32. Rxd6 {[%emt 0:00:28]} Qxd6 {[%emt 0:00:01]} 33. Qe3 {[%emt 0:00:13]} Qc6 {[%emt 0:12:08]} 34. Rb1 {[%emt 0:00:51]} Rd6 {[%emt 0:00:05]} 35. a5 {[%emt 0:03:16]} (35. c4 $17) 35... b5 $2 {[%emt 0:09:12]} ({Better is} 35... bxa5 $19 {And now ...Bc8 would win.} 36. Qa7 Rd7) 36. c4 {[%emt 0:01:14]} bxc4 {[%emt 0:03:22]} 37. Rb6 {[%emt 0:00:31]} Qc7 {[%emt 0:00:31]} 38. Bxc4 {[%emt 0:02:14]} Rxb6 {[%emt 0:00:41]} 39. Qxb6 {[%emt 0:00:09]} Qxb6 {[%emt 0:00:09]} 40. axb6 {[%emt 0:00:07]} Kg7 {[%emt 0:00:04]} 41. Bxe6 {[%emt 0:00:46]} Kf6 {[%emt 0:00:01]} 42. Bb3 {[%emt 0:00:45]} Ke5 {[%emt 0:00:08]} 43. Kf1 {[%emt 0:00:38]} Kd4 {[%emt 0:00:49]} 44. Ke2 {[%emt 0:00:24]} a5 {[%emt 0:00:22]} 45. Kd2 {[%emt 0:00:33]} Kc5 {[%emt 0:00:20]} 46. Bf7 {[%emt 0:00:13]} g5 {[%emt 0:00:14]} 47. hxg5 {[%emt 0:01:22]} hxg5 {[%emt 0:00:01]} 48. Be6 {[%emt 0:01:10]} f4 {[%emt 0:00:05]} ({Stronger than} 48... Kxb6 49. Bxf5 Kc5 50. Kc3 $11) 49. gxf4 {[%emt 0:00:21]} gxf4 {[%emt 0:00:01]} 50. Kc3 {[%emt 0:00:44]} Kxb6 {[%emt 0:01:49]} 51. Kc4 {[%emt 0:00:38]} a4 {[%emt 0:01:34]} 52. Kb4 {[%emt 0:00:45]} Bc6 {[%emt 0:00:04]} 53. Bc4 $19 {[%emt 0:00:28]} (53. c4) 53... Kc7 {[%emt 0:01:04]} 54. Kc5 {[%emt 0:00:11]} Be8 {[%emt 0:02:39]} 55. c3 {[%emt 0:01:04]} Kd7 {[%emt 0:01:41]} 56. Kd4 {[%emt 0:01:20]} Ke7 {[%emt 0:00:00]} 57. Kxe4 {[%emt 0:00:53]} Bf7 {[%emt 0:00:01]} 58. Bxf7 {[%emt 0:00:07]} Kxf7 {[%emt 0:00:09]} 59. Kd3 {[%emt 0:00:03]} Ke6 {[%emt 0:00:52]} 60. Kc4 {[%emt 0:00:25]} f3 {[%emt 0:00:47]} 61. Kb4 {[%emt 0:00:56]} Kd5 {[%emt 0:00:15]} 62. c4+ {[%emt 0:00:04]} Kd4 {[%emt 0:00:06]} 63. c5 {[%emt 0:00:06]} Kd5 {[%emt 0:00:20]} 64. Kxa4 {[%emt 0:00:55]} Kxc5 {[%emt 0:00:02]} 65. Kb3 {[%emt 0:00:06]} Kd4 {[%emt 0:00:09]} 66. Kc2 {[%emt 0:00:04]} Ke5 1/2-1/2

[Event "FRA-ch Youth 2017"]
[Site "Belfort"]
[Date "2017.04.20"]
[Round "6"]
[White "Micottis, Dorian"]
[Black "Kambrath, Yannick"]
[Result "0-1"]
[WhiteElo "2249"]
[BlackElo "2341"]
[Annotator "NA"]
[PlyCount "132"]
[EventDate "2017.??.??"]
[EventCountry "FRA"]
[SourceTitle "playchess.com"]
[Source "ChessBase"]
[SourceQuality "1"]
[TimeControl "5400+30"]

1. e4 {[%emt 0:00:00]} c5 {[%emt 0:01:45]} 2. Nf3 {[%emt 0:00:00]} d6 {[%emt 0:00:04]} 3. Bb5+ {[%emt 0:01:15]} Nd7 {[%emt 0:00:54]} 4. d4 {[%emt 0:00:46]} cxd4 {[%emt 0:00:05]} 5. Qxd4 {[%emt 0:02:27]} a6 {[%emt 0:02:26]} 6. Be2 {[%emt 0:00:38] B51: Sicilian: Moscow Variation (3 Bb5+) without 3...Bd7} Ngf6 {[%emt 0:02:25]} 7. O-O {[%emt 0:00:44]} g6 {[%emt 0:06:37] LiveBook: 5 Games} 8. Nc3 {[%emt 0:01:40]} Bg7 {[%emt 0:00:47]} 9. Rd1 {[%emt 0:00:33]} O-O {[%emt 0:04:12]} 10. e5 {[%emt 0:01:21]} Nh5 {[%emt 0:22:02]} 11. Qh4 {[%emt 0:01:27]} dxe5 {[%emt 0:07:49]} 12. Bg5 {[%emt 0:01:31]} f6 {[%emt 0:11:05]} 13. Be3 {[%emt 0:00:24]} e6 {[%emt 0:02:14]} 14. Rd6 $146 {[%emt 0:10:48]} Qc7 {[%emt 0:02:14]} 15. Rad1 {[%emt 0:04:48]} Re8 {[%emt 0:09:12]} (15... Nf4 $16) 16. Qa4 {[%emt 0:11:36]} Re7 {[%emt 0:00:04] [#]} 17. Bb5 $1 {[%emt 0:04:09]} Nc5 {[%emt 0:13:28] [#]} 18. Qa3 {[%emt 0:08:23]} (18. Qc4 $1 $18 {is the precise move to win.} b6 19. b4) 18... b6 {[%emt 0:03:47]} 19. Bxc5 {[%emt 0:16:20]} ({White should try} 19. Rc6 $16 Qb7 20. Bxc5 bxc5 21. Rd8+ (21. Qxc5 axb5 22. Rd8+ Bf8 23. Rdxc8 Rxc8 24. Rxc8 b4 $11) 21... Bf8 22. Rxa6 Rxa6 23. Bxa6 Qxa6 24. Qxc5) 19... bxc5 {[%emt 0:01:57]} 20. Rc6 {[%emt 0:07:23]} Qa7 {[%emt 0:02:33]} 21. Rd8+ {[%emt 0:03:08]} Bf8 {[%emt 0:00:03]} 22. Bxa6 {[%emt 0:08:12]} Bxa6 {[%emt 0:01:57]} 23. Rxa8 {[%emt 0:00:07]} Qxa8 {[%emt 0:00:02]} 24. Qxa6 {[%emt 0:00:19]} Qxa6 {[%emt 0:00:46]} 25. Rxa6 {[%emt 0:00:05]} Kf7 {[%emt 0:00:38]} 26. g3 {[%emt 0:01:08]} Rd7 {[%emt 0:00:23]} 27. Rc6 {[%emt 0:01:02]} Ng7 {[%emt 0:00:51]} 28. Ne4 {[%emt 0:03:24]} Rd5 {[%emt 0:02:02]} 29. a4 {[%emt 0:00:07]} Nf5 {[%emt 0:00:27]} 30. c3 {[%emt 0:00:33]} Rd1+ {[%emt 0:00:51]} 31. Kg2 {[%emt 0:00:04]} Rb1 {[%emt 0:00:36]} 32. a5 {[%emt 0:02:51]} Rxb2 {[%emt 0:00:41]} 33. a6 {[%emt 0:00:04]} Ne3+ {[%emt 0:00:39]} 34. Kh3 Nc4 35. a7 Ra2 36. Rc7+ Be7 37. Nxc5 $2 (37. Rb7 $18) 37... Nd6 $1 38. Nb7 (38. c4 $11 Ne8 39. Rd7) 38... Nb5 39. Nd8+ Ke8 40. Nxe6 Nxa7 41. Rb7 Nc8 ({But not} 41... Rxf2 $6 42. Rxa7 Rxf3 43. Nc7+ Kd8 44. Ne6+ (44. Nd5 Bc5 45. Rc7 Rxc3 $15) 44... Ke8 45. Nc7+ Kf8 46. Nd5 $11) 42. Nc7+ Kd7 43. Nd5+ Kc6 44. Rxe7 Kxd5 45. Rxh7 Rxf2 46. Nh4 g5 47. Ng6 f5 48. Rc7 Nd6 49. Ne7+ Ke6 50. g4 f4 51. Ng8 Ne4 52. Rc6+ Kd7 53. Rc4 Nd2 54. Nf6+ Ke6 55. Ne4 Nxe4 56. Rxe4 Kd5 57. Re1 e4 58. c4+ Ke5 59. Rc1 e3 60. c5 e2 61. c6 Rf1 62. Rc5+ Kd6 63. c7 e1=Q ({Inferior is} 63... Kxc5 64. c8=Q+ Kd4 65. Qd7+ Kc3 66. Qc6+ Kd4 67. Qd7+ Kc3 68. Qc6+ Kd4 69. Qd7+ $11) 64. Rc6+ Kd5 65. Rc5+ Kd4 66. Rc4+ Kd3 0-1

[Event "FRA-ch Youth 2017"]
[Site "Belfort"]
[Date "2017.04.20"]
[Round "6"]
[White "Meunier, Clement"]
[Black "Flick, Antoine"]
[Result "1/2-1/2"]
[WhiteElo "2240"]
[BlackElo "2327"]
[Annotator "NA"]
[PlyCount "118"]
[EventDate "2017.??.??"]
[EventCountry "FRA"]
[SourceTitle "playchess.com"]
[Source "ChessBase"]
[SourceQuality "1"]
[TimeControl "5400+30"]

1. e4 {[%emt 0:00:00]} c5 {[%emt 0:00:06]} 2. Nc3 {[%emt 0:00:00]} Nc6 {[%emt 0:00:05]} 3. g3 {[%emt 0:00:11]} g6 {[%emt 0:00:54]} 4. Bg2 {[%emt 0:00:04]} Bg7 {[%emt 0:00:22]} 5. d3 {[%emt 0:00:05]} d6 {[%emt 0:00:09]} 6. f4 {[%emt 0:01:18]} e6 {[%emt 0:01:51]} 7. Nf3 {[%emt 0:00:07] LiveBook: 1380 Games} Nge7 {[%emt 0:00:51]} 8. O-O {[%emt 0:00:05]} O-O {[%emt 0:00:12]} 9. Be3 {[%emt 0:00:15]} b6 {[%emt 0:07:26]} 10. Bf2 {[%emt 0:00:32]} Ba6 {[%emt 0:05:06]} 11. Qd2 {[%emt 0:02:24] B25: Closed Sicilian: 3 g3, lines without early Be3} (11. g4 Qd7 12. f5 exf5 13. gxf5 gxf5 14. Bh3 Qe6 15. Nh4 Qh6 16. exf5 Bd4 17. Qg4+ Kh8 18. Bg2 Rg8 {½-½ (18) Starostits,I (2500)-David,A (2609) Riga 2011}) 11... Rc8 {[%emt 0:03:49]} 12. Rae1 {[%emt 0:01:40]} Qd7 {[%emt 0:09:39]} 13. e5 $146 {[%emt 0:23:13]} (13. g4 f5 14. gxf5 exf5 15. e5 dxe5 16. fxe5 Nd8 17. e6 Qe8 18. Bh4 Bb7 {1-0 (36) Larino Nieto,D (2442)-Pataki,G (2357) Las Palmas 2012}) 13... Qc7 {[%emt 0:12:22]} 14. g4 {[%emt 0:16:11]} (14. exd6 $11 {remains equal.} Qxd6 15. g4) 14... dxe5 {[%emt 0:17:38]} 15. fxe5 {[%emt 0:00:56]} Nxe5 {[%emt 0:01:10]} 16. Bg3 {[%emt 0:11:06]} Nxf3+ {[%emt 0:00:56]} 17. Rxf3 {[%emt 0:03:19]} Qd7 {[%emt 0:11:49]} 18. Ne4 {[%emt 0:06:25]} f6 {[%emt 0:04:11]} ({Weaker is} 18... Bxb2 19. c3 f5 20. gxf5 gxf5 21. Ng5 $16) (18... f5 $19 19. Ng5 Bb7) 19. g5 {[%emt 0:01:21]} f5 {[%emt 0:00:46]} 20. Nf6+ {[%emt 0:00:16]} Bxf6 {[%emt 0:00:34]} 21. gxf6 {[%emt 0:00:01]} Nd5 {[%emt 0:00:25]} 22. Be5 {[%emt 0:06:30]} Nxf6 {[%emt 0:03:21]} 23. Qg5 {[%emt 0:01:02]} Qd8 {[%emt 0:02:31]} 24. Rg3 {[%emt 0:00:52]} Ng4 {[%emt 0:01:57]} 25. Rxg4 {[%emt 0:00:05]} fxg4 {[%emt 0:00:05]} 26. Qxg4 {[%emt 0:00:04]} Qd7 {[%emt 0:02:41]} 27. Bc3 {[%emt 0:02:29]} Rce8 {[%emt 0:02:17]} 28. h4 {[%emt 0:04:34]} Rf5 {[%emt 0:07:32]} 29. Be4 {[%emt 0:00:41]} Re7 {[%emt 0:02:41]} 30. Bxf5 {[%emt 0:11:05]} exf5 {[%emt 0:00:04]} 31. Qg3 {[%emt 0:00:02]} Rxe1+ {[%emt 0:01:23]} 32. Qxe1 {[%emt 0:00:06]} f4 {[%emt 0:00:23]} 33. Kf2 {[%emt 0:00:25]} Bb5 {[%emt 0:00:43]} (33... Kf7 $11) 34. Qe5 {[%emt 0:00:16]} h5 {[%emt 0:00:43]} 35. Qh8+ {[%emt 0:00:09]} Kf7 {[%emt 0:00:03]} 36. Qf6+ {[%emt 0:00:08]} Ke8 {[%emt 0:00:13]} 37. Qxg6+ {[%emt 0:00:37]} Qf7 {[%emt 0:00:31]} 38. Qd6 {[%emt 0:00:31]} Bd7 {[%emt 0:00:37]} 39. Be5 {[%emt 0:04:16]} Qe6 {[%emt 0:00:44]} 40. Qb8+ {[%emt 0:00:07]} Ke7 {[%emt 0:00:28]} 41. Bxf4 {[%emt 0:00:36]} Qf5 {[%emt 0:00:32]} 42. Ke1 {[%emt 0:00:13]} Qe6+ {[%emt 0:00:33]} 43. Kd2 {[%emt 0:00:09]} Qf5 {[%emt 0:00:24]} (43... c4 $16 {might work better.} 44. Bg5+ (44. Qxa7 cxd3 45. Qa3+ Ke8 $18) 44... Kf7) 44. Be3 {[%emt 0:00:47]} Qg4 {[%emt 0:00:39] [#]} 45. Bg5+ $1 {[%emt 0:00:19]} ({Less strong is} 45. Qxa7 Qxh4 46. Qb8 (46. Qxb6 Qh2+ 47. Kd1 Bg4+ 48. Kc1 Qh1+ 49. Kd2 Qh2+ 50. Kc3 Qe5+ 51. Kd2 Qh2+ 52. Kc3 Qe5+ 53. Kd2 Qh2+ $11) 46... Qb4+ 47. Ke2 Qg4+ 48. Ke1 h4 $14) 45... Kf7 {[%emt 0:00:30] [#]} 46. Qh8 $2 {[%emt 0:04:10]} ({Not} 46. Qxa7 Qb4+ 47. Ke2 Qg4+ 48. Kd2 Qb4+ 49. Ke2 Qg4+ 50. Kf2 Qd4+ 51. Kf1 Qg4 $14) ({White has to play} 46. b3 $1 $18) 46... Qb4+ {[%emt 0:00:28]} 47. Qc3 {[%emt 0:01:44]} Qxc3+ {[%emt 0:00:42]} 48. Kxc3 {[%emt 0:00:06]} Ke6 {[%emt 0:00:19]} 49. Bf4 {[%emt 0:01:48]} Kd5 $14 {[%emt 0:00:20]} 50. b4 {[%emt 0:00:01]} Ba4 {[%emt 0:00:38]} 51. a3 {[%emt 0:00:02]} Be8 {[%emt 0:00:40]} 52. Bc7 {[%emt 0:00:38]} Kc6 {[%emt 0:00:10]} 53. Bd8 {[%emt 0:00:04]} Kd7 {[%emt 0:00:27]} 54. Bg5 {[%emt 0:00:20]} Kc6 {[%emt 0:00:42]} 55. Be3 {[%emt 0:00:20]} Bf7 {[%emt 0:00:23]} 56. a4 {[%emt 0:01:07]} a6 {[%emt 0:00:30]} 57. a5 {[%emt 0:00:18]} cxb4+ {[%emt 0:00:04]} 58. Kxb4 {[%emt 0:00:06]} b5 {[%emt 0:00:02]} 59. c3 {[%emt 0:00:18]} Kd5 1/2-1/2